Mladí ako zázračné premeny

Výsledky prieskumu o nákupoch, o rozhodovaní pri nákupoch, o dôležitosti značky pri rôznych druhoch tovarov u tínedžerov /od 15 po 26 rokov/. Typ predajní, v ktorých najčastejšie nakupujú, kedy vykonávajú nákupy, ktorú značku považujú za "svoju". Ambície, úspechy, sny, spotrebiteľské zvyklosti.

Salvato in:
Dettagli Bibliografici
Autore principale: Sobinovská, Júlia
Altri autori: Švec, Miroslav
Natura: Capitolo di libro
Lingua:slovacco
Soggetti:
Tags: Aggiungi Tag
Nessun Tag, puoi essere il primo ad aggiungerne!!

MARC

LEADER 00000naa a2200000 4500
001 r047580
005 20231003075927.2
041 0 |a slo 
044 |a SK 
245 1 0 |a Mladí ako zázračné premeny  |c Júlia Sobinovská, Miroslav Švec 
520 |a Výsledky prieskumu o nákupoch, o rozhodovaní pri nákupoch, o dôležitosti značky pri rôznych druhoch tovarov u tínedžerov /od 15 po 26 rokov/. Typ predajní, v ktorých najčastejšie nakupujú, kedy vykonávajú nákupy, ktorú značku považujú za "svoju". Ambície, úspechy, sny, spotrebiteľské zvyklosti. 
610 2 0 |a nákup 
610 2 0 |a mladiství 
610 2 0 |a značky výrobkov 
610 2 0 |a prieskum spotrebiteľský 
610 2 0 |a Slovensko 
100 1 |a Sobinovská, Júlia 
700 1 |a Švec, Miroslav